Normal view
MARC view
- Maslang, Editha V.
Entry Personal Name
001 - CONTROL NUMBER
- control field: 66779
003 - CONTROL NUMBER IDENTIFIER
- control field: OSt
005 - DATE AND TIME OF LATEST TRANSACTION
- control field: 20250514101936.0
008 - FIXED-LENGTH DATA ELEMENTS
- fixed length control field: 250514|| aca||aabn | a|a d
040 ## - CATALOGING SOURCE
- Original cataloging agency: OSt
100 ## - HEADING--PERSONAL NAME
- Personal name: Maslang, Editha V.
